| 000 | 00477nam a2200169 a 4500 | ||
|---|---|---|---|
| 020 | _a2853190838 | ||
| 040 | _cDLC | ||
| 082 | _a338 PRE 1980 A012 Or. | ||
| 100 | 1 | _aFunel, Jean Marie. | |
| 245 | 1 | 0 | _aPolitiques d'aménagement hydro-agricole / |
| 260 |
_aParis : _bPresses universitaires de France, _cc1980. |
||
| 300 |
_a212 p. : _bill. ; _c21 cm. |
||
| 650 | 0 | _aWater resources development | |
| 650 | 0 | _aWater resources development | |
| 700 | 1 | _aLaucoin, G. | |
| 942 | _cFB | ||
| 999 |
_c13948 _d13948 |
||